<?xml version="1.0" encoding="UTF-8"?>
<marc:record xmlns:marc="http://www.loc.gov/MARC21/slim">
   <marc:leader>00000nam a2200000 a 4500</marc:leader>
   <marc:datafield ind1="1" ind2=" " tag="100">
      <marc:subfield code="a">Khanna, Parag</marc:subfield>
      <marc:subfield code="4">aut</marc:subfield>
      <marc:subfield code="e">Verfasser/-in</marc:subfield>
   </marc:datafield>
   <marc:datafield ind1="1" ind2=" " tag="100">
      <marc:subfield code="a">Juraschitz, Norbert</marc:subfield>
      <marc:subfield code="4">trl</marc:subfield>
      <marc:subfield code="e">Übersetzer/-in</marc:subfield>
   </marc:datafield>
   <marc:datafield ind1="0" ind2="0" tag="245">
      <marc:subfield code="a">Unsere asiatische Zukunft</marc:subfield>
   </marc:datafield>
   <marc:datafield ind1="0" ind2="0" tag="245">
      <marc:subfield code="c">Parag Khanna ; aus dem Englischen von Norbert Juraschitz</marc:subfield>
   </marc:datafield>
   <marc:datafield ind1=" " ind2="1" tag="264">
      <marc:subfield code="a">Berlin</marc:subfield>
      <marc:subfield code="b">Rowohlt</marc:subfield>
      <marc:subfield code="c">2019</marc:subfield>
   </marc:datafield>
   <marc:datafield ind1=" " ind2=" " tag="250">
      <marc:subfield code="a">1. Auflage</marc:subfield>
   </marc:datafield>
   <marc:datafield ind1="1" ind2=" " tag="520">
      <marc:subfield code="a">Das 19. war das europäische, das 20. das amerikanische Jahrhundert &#x96; und das 21. wird das asiatische Jahrhundert sein. Asien heißt heute: viereinhalb Milliarden Menschen, zwei Drittel der Megacitys unseres Planeten, zwei Drittel des weltweiten Wirtschaftswachstums, Tendenz weiter steigend. Die Verschiebung der globalen Machtverhältnisse wird die Welt verändern und, wo es nicht schon so weit ist, bald alle Bereiche unseres Lebens beeinflussen. Dennoch haben wir, wie Parag Khanna zeigt, weder eine Vorstellung davon, was das konkret für uns bedeutet, noch kennen wir überhaupt diesen riesigen, vielfältigen Kontinent, der nicht nur aus China und Japan besteht &#x96; es sind nicht zuletzt die technologisch längst führenden Länder Südostasiens, etwa Indonesien oder Singapur, von denen wesentliche Impulse ausgehen werden.</marc:subfield>
   </marc:datafield>
   <marc:datafield ind1=" " ind2=" " tag="020">
      <marc:subfield code="a">9783737100021</marc:subfield>
      <marc:subfield code="9">9783737100021</marc:subfield>
   </marc:datafield>
   <marc:datafield ind1=" " ind2=" " tag="020">
      <marc:subfield code="a">3737100020</marc:subfield>
      <marc:subfield code="9">3737100020</marc:subfield>
   </marc:datafield>
   <marc:datafield ind1=" " ind2=" " tag="300">
      <marc:subfield code="a">491 Seiten</marc:subfield>
   </marc:datafield>
</marc:record>
